Spolupráca školy s rodinou v oblasti prevencie a riešenia problémového správania žiakov

Bibliographic Details
Main Author: Emmerová, Ingrid, 1977- (Author)
Format: Article
Language:Slovak
PhysicalDescription:Fotogr.
ISSN:1335-1109
Subjects:

MARC

LEADER 00000nab a2200000 a 4500
001 vtls010552156
003 SK-MaSNL
005 20260304185235.0
008 250708c2012 xo qr|p|||an |000 b|slo
015 |a SNBRB2013/10 
035 |a (uuid)b6f5e506-8344-4b09-b83a-ae82f5dc6e31 
035 |a urn:nbn:sk:snk-ab2xaf 
035 |a (urnnbn)urn:nbn:sk:snk:ar-a032a6 
038 |a SPK 
040 |a SNKBUCL  |b slo  |c SNKBUCL  |e AACR2 
041 0 |a slo  |b slo  |b eng 
044 |a xo  |c SK 
072 7 |a 37  |x Výchova a vzdelávanie  |2 konspekt 
080 |a 373.3.011.3-052-056.49  |2 2001 
080 |a 37.018.1/.2  |2 2001 
080 |a 37.064.1  |2 2001 
100 1 |a Emmerová, Ingrid,  |d 1977-  |4 aut  |9 23145 
245 1 0 |a Spolupráca školy s rodinou v oblasti prevencie a riešenia problémového správania žiakov  |c Ingrid Emmerová 
300 |b Fotogr. 
504 |a Bibliogr. odkazy 
546 |a Res. angl., slov. 
650 0 7 |a rodina  |2 snkbucl  |9 4138 
650 0 7 |a škola  |2 snkbucl  |9 29975 
650 0 7 |a spolupráca vo výchove  |2 snkbucl  |9 1043748 
650 0 7 |a prevencia  |2 snkbucl  |9 276631 
650 0 7 |a problémoví žiaci  |2 snkbucl  |9 71393 
650 0 7 |a základné školy  |2 snkbucl  |9 1280 
650 0 7 |a stredné školy  |2 snkbucl  |9 1279 
650 0 7 |a výskum  |2 snkbucl  |9 4238 
773 0 |t Mládež a spoločnosť  |g Roč. XVIII, č. 2 (2012), s. 16-23  |x 1335-1109 
850 |a Slovenská národná knižnica 
852 |a Slovenská národná knižnica 
954 |a odborná, vedecká literatúra pôvodná (slovenská)  |2 lita 
958 |a article27 
958 |a NB 
958 |a OND 
958 |a EUIPO 
999 |c 3042004  |d 3043934